000 00354nam a2200121Ia 4500
008 240731s9999 xx 000 0 und d
022 _a1756-9389
245 0 _aFashion Practice : The Journal of Design, Creative Process & the Fashion Industry
260 _bRoutledge
856 _uhttps://www.tandfonline.com/loi/rffp20
942 _2ddc
942 _cTFEJ
999 _c76610
_d76610
945 _a1
_bMadushi Gamage
_c1
_dMadushi Gamage